000 00968nam a22002297a 4500
003 dpl
005 20240909110845.0
008 231221b |||||||| |||| 00| 0 eng d
010 _aENG-141568
020 _a9789380156736
_c995.00
035 _aEN-125100
037 _bDBAD
040 _c0
082 _a333.7
100 _aRoy, M. K. Ghosh
_970408
245 _aSustainable Development:
_bEnviroment, Energy & Water Resources/
_cBy M. K. Ghosh Roy
260 _aNew Delhi
_bAne Books Pvt. Ltd.
_c2011
270 _a4821, Parwana Bhawan, 24, Ansari Road, Daryaganj
_bNew Delhi
_e110002
_cNew Delhi
_dIndia
_k91-11-23276843
_k91-11-23276844
_manebooks@vsnl.net
_l91-011-23276863
300 _a361p.
_c24cm(pb)
942 _cEN
_h333.7
_mROY
_2ddc
999 _c205484
_d205484